LEADER 00979nam0-22003371i-450- 001 990003770370403321 005 20091001165316.0 010 $a0-8039-1352-4 035 $a000377037 035 $aFED01000377037 035 $a(Aleph)000377037FED01 035 $a000377037 100 $a20030910d1981----km-y0itay50------ba 101 0 $aeng 102 $aUS 105 $a--------001cy 200 1 $aCareers and family$esex roles and adolescent life plans$fCarol Kehr Tittle 210 $aBeverly Hills$cSage Publications$d1981 215 $a317 p.$ctab., app.$d21 cm 225 1 $aSage library of social research$v121 320 $aContiene bibl. (pp.253-264) 610 0 $aGiovani$aStati Uniti 676 $a305.230973$v22$zita 700 1$aTittle,$bCarol K.$0494249 801 0$aIT$bUNINA$gRICA$2UNIMARC 901 $aBK 912 $a990003770370403321 952 $a305.23 TIT 1$b3164$fBFS 959 $aBFS 996 $aCareers and family$9510884 997 $aUNINA LEADER 00996nam a2200253 i 4500 001 991001740149707536 008 030724s1965 it 000 0 ita d 035 $ab12190214-39ule_inst 040 $aDip.tobiologia$beng 082 $a541.34 100 1 $aSisler, Harry Hall$064617 245 10$aChimica nei solventi non acquosi /$c di Harry H. Sisler ; [traduzione italiana di Luisa Rossi] 260 3 $aMilano :$bProgresso tecnico editoriale, $cstampa 1965 300 $a120 p. :$bill. ;$c19 cm 440 0$aArgomenti di chimica moderna 500 $aOrig. Tit.: Chemistry in non-aqueous solvents 650 0$aNonaqueous solvents 700 1 $aRossi, Luisa 907 $a.b12190214$b08-07-11$c24-07-03 912 $a991001740149707536 945 $aLE003 541.3 ACM01.01 (1965)$g1$i2003000041798$lle003$o-$pE0.00$q-$rl$s- $t0$u0$v0$w0$x0$y.i12554480$z24-07-03 996 $aChimica nei solventi non acquosi$9157217 997 $aUNISALENTO 998 $ale003$b24-07-03$cm$da $e-$fita$git $h0$i0